000 01406aam a2200313 i 4500
001 768714001
003 CO-MdFUSB
005 20211016122802.0
008 180705b1974 sp |||| |||| 00| 0 ssp d
020 _a84-220-0151-9
040 _aCO-MdFUSB
_bspa
_cCO-MdFUSB
_dCO-MdFUSBC
_erda
041 0 _aspa
082 0 4 _a270.092
_222
_bR9342p
245 1 0 _aPadres apostólicos
_b: Edición bilingüe completa
_c/ Daniel Ruiz Bueno, Introducción, notas y traducción
250 _aQuinta edición
264 1 _aMadrid, España :
_bBiblioteca de Autores Cristianos,
_c[1974]
264 4 _c© 1974
300 _a1130 Páginas
_c; 20 cm
336 _atexto
_btxt
_2rdacontent
337 _2rdamedia
_asin mediación
_bn
338 _2rdacarrier
_avolumen
_bnc
490 _aBiblioteca de Autores Cristianos
505 _aIntroducción general -- Introducción a la didaché o doctrina de los doce apóstoles. -- Introducción a la primera Carta de San Clemente a los Corintios -- Introducción a la segunda Carta de San Clemente a los Corintios -- Introducción a las cartas de San Ignacio Mártir -- Introducción a la Carta y martirio de San Policarpo -- Introducción al Discurso a Diogneto -- Introducción a los Fragmentos de Papías -- Introducción al Pastor de Hermas.
563 _aPasta dura
653 _aPadres apostólicos
653 _aBilingüe
942 _cREF
945 _aEstudiante
999 _c39327
_d39327